|
|
|
|
| LEADER |
00000cam a2200000 a 4500 |
| 001 |
vtls001471858 |
| 003 |
SK-MaSNL |
| 005 |
20260301073820.0 |
| 008 |
240226s1850 hu ger |
| 015 |
|
|
|a SNBHFA
|
| 035 |
|
|
|a SNK000427161
|
| 035 |
|
|
|a urn:nbn:sk:snk-am3ivww
|
| 035 |
|
|
|a 13757F1F-520E-4466-AE35-74694BFF216E
|
| 035 |
|
|
|a urn:nbn:sk:snk-am00g37k
|
| 040 |
|
|
|a SNK
|b slo
|c SNK
|e AACR2
|
| 041 |
0 |
|
|a ger
|
| 044 |
|
|
|a hu
|c HU
|
| 072 |
|
7 |
|a 2
|x Náboženstvo
|2 konspekt
|
| 072 |
|
7 |
|a 27-46/-48
|x Pastorálna teológia
|2 konspekt
|
| 080 |
|
|
|a 2-46
|2 2011
|
| 080 |
|
|
|a 27-46
|2 2011
|
| 100 |
1 |
|
|a Scitovský, Ján,
|d 1785-1866
|4 aut
|9 124214
|
| 245 |
1 |
0 |
|a Hirten - Brief, welchen der Hochgeborene Hochwűrbigste herr herr Johann Baptist Scitovszky von Nagy Kér, Erzbischof von Gran, Fürst - Primas von Ungarn, des heiligen Apostolischen Stuhles Legatus Natus, u.s.w. u.s.w. bei Seinem Feierlischen Antritte der Primatial - Erzbischöflichen Würde an die christkatholischen Gläubigem gerichtet hat.
|
| 260 |
|
|
|a Fűnfkirchen
|b Buchdruckerei des bisch. Lyceums
|c 1850
|
| 300 |
|
|
|a 12 s.
|c 29 cm
|
| 500 |
|
|
|a Linky, zložky
|
| 504 |
|
|
|a Tlačené poznámky pod čiarou
|
| 546 |
|
|
|a Nemčina
|b fraktúra
|
| 563 |
|
|
|a Väzba nová tvrdé plátené dosky.
|5 SNK SB 2906
|
| 650 |
0 |
7 |
|a pastorálna teológia
|2 SNKPH
|9 1811
|
| 650 |
0 |
7 |
|a náboženstvo
|2 SNKPH
|9 2023
|
| 710 |
2 |
|
|a Buchdruckerei Bischof Lyceum (Pécs, Maďarsko)
|4 prt
|9 395463
|
| 752 |
|
|
|a Maďarsko
|d Pécs
|
| 852 |
|
|
|a snk
|p SB 2906
|
| 958 |
|
|
|a ONDV
|
| 958 |
|
|
|a DF
|
| 999 |
|
|
|c 645279
|d 647209
|
| 952 |
|
|
|a SNK
|b SNK
|y PREZ
|7 0
|p 17A0422145
|o snkSB 2906
|i snkK 3762/66
|0 0
|1 0
|4 0
|d 2004-03-25
|f 1
|l 0
|r 2025-02-07 00:00:00
|w 2026-02-23
|